00965cam a22002294a 4500020002800000020001800028040000800046082002600054245011400080260005900194300004000253500013200293650001600425650001600441650001400457650002800471700002100499710004300520710004600563856005800609856006800667 a1845931076 (alk. paper) a9781845931070 cDLC00a639 CAB 2006 A053 Co.00aEnvironment and livelihoods in tropical coastal zones :bmanaging agriculture-fishery-aquaculture conflicts / aWallingford, UK ;aCambridge, MA :bCABI Pub.,cc2006. axiv, 309 p. :bill., maps ;c25 cm. a"In association with the International Rice Research Institute (IRRI) and the International Water Management Institute (IWMI)." 0aAquaculture 0aAgriculture 0aFisheries 0aCoastal zone management1 aChu, Thai Hoanh,2 aInternational Rice Research Institute.2 aInternational Water Management Institute.41uhttp://www.loc.gov/catdir/toc/ecip063/2005033368.html42uhttp://www.loc.gov/catdir/enhancements/fy0636/2005033368-d.html